01657nam a2200289 a 450000100100000000500170001000800410002704000250006808200190009311000330011224500710014526000740021630000210029049000160031149000610032750000430038850400730043150400280050483000810053295201170061395201280073095201280085895201280098695201160111495201220123099900150135200000505520200929151552.0090729s1944 dr r 000 0 spa d aDO-SdBNPbspacBNPHU a342.029bR426c2 aRepública Dominicana.944710aConstitución política y reformas constitucionales 1844 - 1942. aSantiago de los Caballeros, República DominicanafEl Diario,c1944. a676 p. ;c25 cm.1 aTrujillov11 aConstitución política y reformas constitucionalesv2 aEdición del Gobierno Dominicano 1944 aIncluye referencias bibliográficas y notas al pie de las páginas aIncluye bibliografías 0aTrujillon1pConstitución política y reformas constitucionales; 2914541 00107-18PDaGRbGRcOId2013-04-22iLF1l0o342.029 R426cp5055-60r2020-06-25w2020-06-25yLFPDZNo se presta 001054708RVaGRbGRcCTd2010-01-20iLF1l0o342.029 R426cp5055-30r2020-06-25te. 3w2020-06-25y4ZPréstamo en sala 001054708RVaGRbGRcCTd2011-06-14iLF1l0o342.029 R426cp5055-40r2020-06-25te. 4w2020-06-25y4ZPréstamo en sala 001154708RVaGRbGRcMId2011-07-12iLF1l0o342.029 R426cp5055-50r2020-06-25te. 5w2020-06-25y4ZPréstamo en sala 001050718RVaPDbPDcHDd2009-07-29iLF1l0o342.029 R426cp5055-10r2020-06-25w2020-06-25y1ZNo se presta 001050718RVaPDbPDcCTd2009-07-29iLF1l0o342.029 R426cp5055-20r2020-06-25te. 2w2020-06-25y1ZNo se presta c4859d4859